000 00956nam a2200265Ia 4500
005 20250425162054.0
008 250425s9999 xx 000 0 und d
020 _a9682432227
041 _aspa
082 _a631
100 _aKOESLAG, JOHAN H
245 0 _aMANUALES PARA EDUCACION AGROPECUARIA: PORCINOS V. 5
250 _a1A ED.
260 _aEstados Unidos
_bTRILLAS
_c1989
260 _aS.L.
300 _a110
500 _aEN CIBGZ-FIMCP D-30238 V.5 PARA ING. AGROP.
520 _aLOS CERDOS DOMESTICOS MODERNOS SE ORIGINARON DEL CRUCE DEL CERDO DE EUROPA Y DEL CERDO DEL SURESTE DE ASIA.ESTOS ANIMALES FUERON DOMESTICADOS HACE UNOS 6000 AÑOS.LOS CERDOS PUDEN PROVEER PROTEINAS EN FORMA TAN EFICIENTE COMO OTROS ANIMALES. SI ESTOS
650 _aGANADO PORCINO
650 _aGANADO, CRIA DE
650 _aPRODUCCION PECUARIA
710 _aDIRECCION GENERAL DE EDUCACION TECNOLOGICA AGROPECUARIA
942 _c01
010 _a47362
999 _c221783
_d221783